000 00475nam a22001217a 4500
008 230612b xxu||||| |||| 00| 0 eng d
082 _a352.4908
_bKEN
245 _aReport of The Controller and Auditor-General on The Appropriation Accounts, Other Public Accounts and the Accounts of the Funds of the Republic of Kenya for the 2007/2008
_cGovernment of Kenya
260 _aKenya
_bGovernment of Kenya
_c2008
300 _a633 p
710 _bGovernment of Kenya
942 _2ddc
_cBK
999 _c1121
_d1121